[Event "Warsaw op"]
[Site "Warsaw"]
[Date "1989.??.??"]
[Round "?"]
[White "Petrosian, Arshak B"]
[Black "Fedorov, Vladislav"]
[Result "1-0"]
[WhiteElo "2475"]
[BlackElo "2405"]

1.Nf3 d5 2.g3 c6 3.Bg2 Bg4 4.c4 e6 5.cxd5 Bxf3 6.Bxf3 cxd5 7.O-O Nf6 8.Nc3 Nc6
9.d3 Bd6 10.e4 dxe4 11.dxe4 O-O 12.Be3 Qe7 13.Qa4 a6 14.Rad1 b5 15.Qc2 Rac8
16.Qe2 Bc5 17.Bg2 Ne5 18.Bf4 Nfd7 19.a4 b4 20.Nb1 Rc6 21.Kh1 Re8 22.Bxe5 Nxe5
23.f4 Ng6 24.e5 Rb6 25.Nd2 b3 26.Rc1 Rd8 27.Nc4 Rb4 28.Na5 Rb6 29.Nc6 Rxc6
30.Bxc6 Qa7 31.Rfd1 Rxd1+ 32.Rxd1 Qb6 33.Bf3 Ne7 34.Qd3 Nc6 35.Qd7 Nd4 36.Rxd4  1-0

[Event "Warsaw op"]
[Site "Warsaw"]
[Date "1989.??.??"]
[Round "?"]
[White "Petrosian, Arshak B"]
[Black "Komarov, Dimitri"]
[Result "1/2-1/2"]
[WhiteElo "2475"]
[BlackElo "2350"]

1.Nf3 d5 2.g3 c6 3.Bg2 Bg4 4.c4 e6 5.cxd5 exd5 6.d3 Nf6 7.Nbd2 Nbd7 8.O-O Bd6
9.Qc2 O-O 10.e4 Re8 11.Re1 Qc7 12.b3 Ne5 13.Nxe5 Bxe5 14.Bb2 Qb6 15.Bxe5 Rxe5
16.h3 Bh5 17.Qc3 Rae8 18.d4 R5e7 19.e5 Bg6 20.Kh2 Nd7 21.b4 f6 22.f4 Nf8
23.Nb3 fxe5 24.dxe5 Ne6 25.Rad1 Qa6 26.Rd2 Qc4 27.Rc1 Qxc3 28.Rxc3 Rd8 29.Nd4 Nxd4
30.Rxd4 Bf7 31.Re3 g6 32.g4 Be6 33.Kg3 a5 34.a3 axb4 35.axb4 Ra8 36.h4 Ra2
37.Bh3 Rg7 38.h5 Rf7 39.hxg6 hxg6 40.Kh4 b6 41.Rc3 c5 42.bxc5 bxc5 43.Rxc5 Rh7+
44.Kg5 Rxh3 45.Rc6 Kf7 46.Rc7+ Kf8 47.Rb4 Ra8 48.Kxg6 Bxg4 49.f5 Bxf5+ 50.Kxf5 Rh5+
51.Kf6 Ra6+ 52.e6 Rh6+ 53.Ke5  1/2-1/2

[Event "Warsaw op"]
[Site "Warsaw"]
[Date "1989.??.??"]
[Round "?"]
[White "Dejkalo, Stefan"]
[Black "Grabowski, Andrzej"]
[Result "1-0"]
[WhiteElo "2410"]
[BlackElo "2340"]

1.g3 d5 2.Nf3 c5 3.Bg2 Nc6 4.O-O e5 5.d3 Be7 6.Nbd2 f6 7.c3 Be6 8.e4 d4 9.cxd4 cxd4
10.Nh4 Qd7 11.Nf5 Bf8 12.a4 O-O-O 13.Nc4 Kb8 14.f4 Nge7 15.fxe5 fxe5 16.Bg5 Rg8
17.Qf3 h6 18.Bd2 Nc8 19.h4 Nb6 20.Nxb6 axb6 21.h5 Na5 22.Be1 Nb3 23.Rd1 Bd6
24.g4 Bc7 25.Qe2 Rh8 26.Bf3 Rhg8 27.Bg3 g6 28.Nxh6 gxh5 29.Nxg8 Rxg8 30.Rf2 Bxg4
31.Bxg4 Rxg4 32.Rg2 Qxa4 33.Rf1 Qb5 34.Rf8+ Ka7 35.Rf5 Nc1 36.Qc2 h4 37.Qxc1 Qxd3
38.Qe1 h3 39.Qa1+  1-0

[Event "Warsaw op"]
[Site "Warsaw"]
[Date "1989.??.??"]
[Round "?"]
[White "Yuferov, Sergey  N"]
[Black "Majorovas, Vitalijus"]
[Result "1/2-1/2"]
[WhiteElo "2445"]
[BlackElo "2435"]

1.Nf3 d5 2.g3 c6 3.Bg2 Bf5 4.c4 e6 5.cxd5 exd5 6.O-O Nf6 7.d3 Bc5 8.Qc2 Bb6
9.Nc3 O-O 10.e4 Be6 11.a3 Nbd7 12.Na4 Qe7 13.Bd2 dxe4 14.dxe4 Bg4 15.Nxb6 axb6
16.Nd4 Nc5 17.h3 Qd7 18.hxg4 Qxd4 19.g5 Ng4 20.Rad1 Qd3 21.Qxd3 Nxd3 22.Bc3 Rfd8
23.Bf3 h5 24.gxh6 Nxh6 25.Rd2 Nc5 26.Rfd1 Rxd2 27.Rxd2 Re8 28.Rd4 f6 29.b4 Ne6
30.Rd7 Rd8 31.Rxd8+ Nxd8 32.Bd1 b5 33.f4 Kf7 34.Kf2 Ke7 35.Ke3 Nhf7 36.Bb3 Ne6
37.Kd3 Nf8 38.Bd4 Nd7 39.Bc5+ Nd6 40.a4 bxa4 41.Bxa4 b5 42.Bd1 Nxc5+ 43.bxc5 Nb7
44.Kd4 Nd8 45.Bg4 Ne6+ 46.Bxe6 Kxe6 47.g4 g6 48.f5+ Kf7 49.e5 fxe5+ 50.Kxe5 gxf5
51.gxf5 Ke7 52.Kd4 Kf6 53.Ke4 b4 54.Kd4 Kxf5 55.Kc4 Ke4 56.Kxb4 Kd4 57.Kb3  1/2-1/2

[Event "Legion op"]
[Site "Warsaw"]
[Date "1989.??.??"]
[Round "1"]
[White "Savon, Vladimir A"]
[Black "Kaminski, Marcin"]
[Result "1-0"]
[WhiteElo "2425"]
[BlackElo "2265"]

1.Nf3 d5 2.g3 Nf6 3.Bg2 c6 4.d3 Bf5 5.Nbd2 h6 6.O-O e6 7.b3 Be7 8.Bb2 O-O
9.Ne5 a5 10.a3 Bh7 11.e4 c5 12.Qe2 a4 13.f4 axb3 14.cxb3 b5 15.g4 c4 16.dxc4 bxc4
17.g5 hxg5 18.fxg5 c3 19.Bxc3 d4 20.Bb2 Nfd7 21.Nxf7 Rxf7 22.Rxf7 Kxf7 23.Qh5+ Bg6
24.Rf1+ Nf6 25.Qh3 e5 26.Nf3 Qd6 27.gxf6 Bxf6 28.Nh4 Bh7 29.Nf5 Bxf5 30.exf5 Ra7
31.Rc1 Rc7 32.Rxc7+ Qxc7 33.Qd3 Bg5 34.Kf2 Be3+ 35.Ke2 Kf6 36.a4 Qc5 37.Qc4 Qxc4+
38.bxc4 Kxf5 39.Kd3 g5 40.Ba3 g4 41.a5 Ke6 42.Bb7 Bf4 43.a6 Nxa6 44.Bxa6 Kd7
45.Bb7 Bxh2 46.Be4 Kc7 47.c5 Bf4 48.Bb4 Bg5 49.Ba5+  1-0

[Event "Legion op"]
[Site "Warsaw"]
[Date "1989.??.??"]
[Round "10"]
[White "Savon, Vladimir A"]
[Black "Kostyra, Stanislaw"]
[Result "1-0"]
[WhiteElo "2425"]
[BlackElo "2335"]

1.Nf3 d5 2.g3 c6 3.Bg2 Bg4 4.O-O e6 5.d3 Bd6 6.e4 Nd7 7.h3 Bh5 8.c4 dxe4
9.dxe4 Ne5 10.g4 Nxf3+ 11.Qxf3 Bg6 12.Nc3 Ne7 13.Bf4 e5 14.Be3 Bb4 15.Rac1 Qa5
16.a3 Bxc3 17.Rxc3 c5 18.Rd1 b6 19.Rd6 O-O 20.h4 h6 21.Qg3 f6 22.g5 hxg5
23.hxg5 Rad8 24.Rxd8 Rxd8 25.gxf6 gxf6 26.f4 exf4 27.Qxf4 Rf8 28.Bh3 Qa4
29.Be6+ Rf7 30.Rd3 Qe8 31.Qxf6 Bxe4 32.Bxf7+ Qxf7 33.Rd8+  1-0

[Event "Werfen op"]
[Site "Werfen"]
[Date "1989.??.??"]
[Round "1"]
[White "Lukic, Dragan"]
[Black "Varga, Zoltan"]
[Result "0-1"]
[WhiteElo "2320"]
[BlackElo "2425"]

1.Nf3 d5 2.g3 c5 3.Bg2 Nc6 4.d3 e5 5.Nc3 d4 6.Nb1 Bd6 7.e4 Nge7 8.a4 O-O
9.Na3 Bg4 10.h3 Bd7 11.Nc4 Bc7 12.Bd2 a6 13.a5 f6 14.Qe2 Be6 15.Nh4 Nb4 16.Bxb4 cxb4
17.Nf5 Rb8 18.Qg4 Nxf5 19.exf5 Bxc4 20.dxc4 Bxa5 21.Bd5+ Kh8 22.b3 Bc7 23.Qe4 Qc8
24.g4 a5 25.h4 b5 26.Ke2 Bb6 27.g5 a4 28.h5 fxg5 29.h6 d3+ 30.cxd3 Qxf5 31.hxg7+ Kxg7
32.Qxf5 Rxf5 33.f3 Bd4 34.Rac1 h6 35.cxb5 a3 36.Rc7+ Kg6 37.Be4 a2 38.Rc6+ Kg7
39.Bxf5 a1=Q 40.Rc7+ Kf8 41.Rxa1 Bxa1 42.Bd7 Bd4 43.Bc6 Rd8 44.Kf1 Rd6 45.Kg2 h5
46.Rh7 Be3 47.Rxh5 Rxd3 48.Rh7 Rxb3 49.Kh3 Rd3 50.Kg4 b3 51.Be4 Rd4 52.Rh1 b2
53.Rb1 Rb4 54.Kf5 Rxb5 55.Re1 Bc1 56.Bb1 Ra5 57.Rxe5 Ra1  0-1

[Event "Yerevan"]
[Site "Yerevan"]
[Date "1989.??.??"]
[Round "?"]
[White "Spiridonov, Nikola"]
[Black "Anastasian, Ashot"]
[Result "1/2-1/2"]
[WhiteElo "2390"]
[BlackElo "2475"]

1.g3 d5 2.Nf3 Nf6 3.Bg2 c6 4.b3 Bg4 5.h3 Bxf3 6.Bxf3 Nbd7 7.O-O e6 8.Bg2 Bd6
9.c4 O-O 10.Ba3 Bxa3 11.Nxa3 a5 12.d3 d4 13.Nb1 Rc8 14.a3 b5 15.Nd2 Qb6 16.Qc2 Rfd8
17.Ra2 g6 18.Rc1 Kg7 19.cxb5 Qxb5 20.Qc4 Nb6 21.Qc5 Nbd5 22.Bxd5 Qxc5 23.Rxc5 Nxd5
24.Rac2 a4 25.bxa4 Nc3 26.Nf3 Nxa4 27.Rxc6 Ra8 28.R2c4 Nc3 29.Nxd4 Rxd4 30.Rxc3 Rda4
31.g4 Rxa3 32.Rxa3 Rxa3 33.Rc5 h6 34.h4 Ra4 35.Rc4 Ra2 36.Re4 Ra6 37.Re5 Kf6
38.d4 Ke7 39.Kg2 Rd6 40.e3 Ra6 41.Rb5 Kf6 42.f4 Ra2+ 43.Kf3 Rh2 44.h5 Rh3+
45.Kf2 Kg7 46.Re5 Kf6 47.Kg2 Rh4 48.Kg3 Rh1 49.Ra5 Rg1+ 50.Kf3 Rf1+ 51.Kg2 Re1
52.Kf2 Rh1 53.hxg6 Kxg6 54.d5 exd5 55.Rxd5 f6 56.Ra5 Rh3 57.Rb5 Rh1 58.Rb6 Rh3
59.Rb8 Rh1 60.Kg2 Rh4 61.Kg3 Rh1 62.Re8 h5 63.gxh5+ Rxh5 64.e4 Rh1 65.Re6 Kf7
66.Rd6 Rg1+ 67.Kf3 Ke7 68.Ra6 Kf7 69.Ra7+ Kf8 70.Ra3 Kf7 71.Rb3 Ke7 72.Rb7+ Kf8
73.Rc7 Ke8 74.Rc3 Kf7 75.Rc2 Kf8 76.Ke3 Rf1 77.Rf2 Rd1 78.Ke2 Ra1 79.Kf3 Rg1
80.Rg2 Re1 81.Rd2 Rg1 82.Rd3 Kf7 83.Rc3 Ke7 84.Kf2 Ra1 85.Rb3 Kf7 86.Kg2 Re1
87.Kf3 Rg1 88.Rb7+ Kf8 89.Rh7 Kg8 90.Rh3 Kf7 91.Rg3 Re1 92.Rg2 Ke7 93.Re2 Rg1
94.Re3 Kf7 95.Kf2 Ra1 96.Rb3 Ke7 97.Ke3 Rf1 98.Rb7+ Ke8 99.Rh7 Kf8 100.Rh4 Kf7
101.Ke2 Ra1 102.Kf3 Rg1 103.Rh2 Ke7 104.Rg2 Re1 105.Kg4 Rxe4 106.Kf5 Ra4
107.Rg7+ Kf8 108.Rg6 Ke7 109.Rg7+ Kf8 110.Rh7 Rb4  1/2-1/2

[Event "Yerevan"]
[Site "Yerevan"]
[Date "1989.??.??"]
[Round "?"]
[White "Petrosian, Arshak B"]
[Black "Marjanovic, Slavoljub"]
[Result "0-1"]
[WhiteElo "2475"]
[BlackElo "2490"]

1.Nf3 d5 2.g3 c5 3.Bg2 Nc6 4.d4 Nf6 5.O-O e6 6.c4 dxc4 7.Qa4 Bd7 8.Qxc4 b5
9.Qd3 Rc8 10.dxc5 Bxc5 11.Nc3 a6 12.Bg5 Nb4 13.Qd2 h6 14.Bxf6 gxf6 15.a3 Nc6
16.Ne4 Be7 17.Rac1 Kf8 18.Rfd1 Nb8 19.Rxc8 Qxc8 20.Rc1 Qd8 21.Nc5 Bc8 22.Qc3 Kg7
23.Nd4 Qb6 24.b4 Rd8 25.e3 Bd6 26.Ndb3 Be5 27.Qc2 f5 28.Nd3 Bf6 29.Nf4 Kg8
30.e4 Bg5 31.e5 Nd7 32.h4 Be7 33.Qe2 Qb8 34.Nd3 Bb7 35.Na5 Bxg2 36.Kxg2 Rc8
37.Rxc8+ Qxc8 38.Qe3 Qc3 39.Qe2 Bd8 40.Nb7 Bc7 41.f4 Bb6 42.Nd6 Bc7 43.Ne8 Kf8
44.Nxc7 Qxc7 45.Qf3 Qc2+ 46.Nf2 Nb6 47.Qb7 Nd5 48.Qxa6 Qe2 49.Qa8+ Kg7 50.Kg1 Ne3  0-1

[Event "Zenica"]
[Site "Zenica"]
[Date "1989.??.??"]
[Round "4"]
[White "Damljanovic, Branko"]
[Black "Renet, Olivier"]
[Result "1-0"]
[WhiteElo "2530"]
[BlackElo "2480"]

1.Nf3 d5 2.g3 c5 3.Bg2 Nc6 4.d4 Nf6 5.O-O e6 6.c4 dxc4 7.Na3 cxd4 8.Nxc4 Bc5
9.Bf4 O-O 10.Nfe5 Nxe5 11.Bxe5 Ng4 12.Bf4 Qe7 13.b4 Bxb4 14.Qxd4 Rd8 15.Qb2 Bc5
16.Rac1 Bd4 17.Qb1 e5 18.Bd2 Be6 19.e3 Bc5 20.Qxb7 Qxb7 21.Bxb7 Rab8 22.Ba5 Bb6
23.Bxb6 axb6 24.Bf3 f6 25.a4 Nh6 26.Be2 b5 27.Na5 Bd7 28.Rc7 Be8 29.Nb7 Rd2
30.Bxb5 Bxb5 31.axb5 Nf7 32.h4 e4 33.Nc5 f5 34.Ne6 Ne5 35.Rfc1 Nd7 36.Nd4 Ne5
37.R1c5 Re8 38.b6 Nf3+ 39.Nxf3 exf3  1-0

[Event "Zenica"]
[Site "Zenica"]
[Date "1989.??.??"]
[Round "4"]
[White "Vukic, Milan"]
[Black "Smagin, Sergey"]
[Result "1/2-1/2"]
[WhiteElo "2495"]
[BlackElo "2540"]

1.Nf3 d5 2.g3 c6 3.Bg2 Bg4 4.b3 Nd7 5.Bb2 f6 6.d4 e6 7.Nbd2 f5 8.O-O Bd6
9.c4 Nh6 10.Ne5 Nxe5 11.dxe5 Bc5 12.cxd5 exd5 13.Nf3 Bxf3 14.exf3 O-O 15.f4 Qe7
16.Rc1 Ba3 17.Qd4 Nf7 18.Bxa3 Qxa3 19.Rc2 Nd8 20.h4 Ne6 21.Qd2 a5 22.Rfc1 g6
23.Rc3 Qe7 24.Qb2 Ra7 25.Rd1 Rd8 26.Rc2 Kg7 27.a3 Kh6 28.Bf3 Raa8 29.Kg2 Rd7
30.Qc1 Rad8 31.Rcd2 Rc7 32.Rc2 Rcd7 33.Rcd2 Kg7 34.Kg1 Qc5 35.Qb2 Qb6 36.Bg2 Kh6
37.Bf3 d4 38.Bg2 Nc5 39.b4 Na4 40.Qc2 Nc3 41.bxa5 Qxa5 42.e6 Rd6 43.e7 Re8
44.Rxd4 Re6 45.R1d2 R8xe7 46.Kh2 c5 47.R4d3 Ne4 48.Bxe4 Rxe4 49.Rd5 Qxa3
50.Qxc5 Qxc5 51.Rxc5 Re2 52.Rxe2 Rxe2 53.Rb5  1/2-1/2

[Event "Zenica"]
[Site "Zenica"]
[Date "1989.??.??"]
[Round "8"]
[White "Vukic, Milan"]
[Black "Mikhalchishin, Adrian"]
[Result "0-1"]
[WhiteElo "2495"]
[BlackElo "2475"]

1.Nf3 d5 2.g3 g6 3.Bg2 Bg7 4.c4 dxc4 5.Qa4+ Nd7 6.Qxc4 e5 7.d3 Ne7 8.O-O O-O
9.Nc3 Nb6 10.Qc5 Nc6 11.Be3 Re8 12.Ne4 Be6 13.Rfc1 Bd5 14.a3 h6 15.Qc2 Rb8
16.b4 f5 17.Nc5 f4 18.Bd2 Bxf3 19.Bxf3 Nd4 20.Qa2+ Kh7 21.Bxb7 Nxe2+ 22.Kg2 Nxc1
23.Rxc1 Rxb7 24.Nxb7 Qxd3 25.Rxc7 f3+ 26.Kg1 Rc8 27.Rxc8 Nxc8 28.Nc5 Qe2
29.Qc2 Nd6 30.Qc1 Nc4 31.Bc3 Nxa3 32.h4 Nb5 33.Bd2 Nd4 34.h5 gxh5 35.Qb1+ Kh8
36.Ne4 Qa6 37.Be3 h4 38.Kh2 Qg6 39.Qd3 hxg3+ 40.fxg3 Qh5+ 41.Kg1 Qh3 42.Qf1 Qg4
43.Qd3 Qh3 44.Qf1 Qxf1+ 45.Kxf1 Bf8 46.Bxd4 exd4 47.b5 Kg7 48.Kf2 Kf7 49.Kxf3 Ke6
50.Ke2 Kd5 51.Kd3 Be7 52.Nd2 Kc5 53.Nb3+ Kxb5 54.Nxd4+ Kc5 55.g4 Kd5 56.Nb5 a5
57.Nd4 Bg5 58.Nf3 Bf4 59.Nd4 Bg5 60.Nf3 Bf6 61.Nd2 a4  0-1

[Event "JUG-chT"]
[Site "Zlatibor"]
[Date "1989.??.??"]
[Round "?"]
[White "Krnic, Zdenko"]
[Black "Despotovic, Momcilo"]
[Result "1-0"]
[WhiteElo "2445"]
[BlackElo "2340"]

1.Nf3 d5 2.g3 e6 3.Bg2 Nf6 4.O-O c5 5.c4 Nc6 6.cxd5 exd5 7.d4 Be7 8.dxc5 Bxc5
9.a3 O-O 10.b4 Bb6 11.Bb2 h6 12.Nc3 Bf5 13.Na4 Be4 14.Rc1 Rc8 15.Nc5 Bxc5
16.Rxc5 Qd6 17.Qd2 Rfd8 18.Rd1 a6 19.Rcc1 Bf5 20.Nd4 Bg4 21.Nxc6 bxc6 22.Re1 Bf5
23.Bd4 Be4 24.f3 Bf5 25.Qc3 Bd7 26.e3 Qe6 27.Re2 Ra8 28.Rec2 Rdc8 29.Qd2 Ne8
30.Rc5 Nd6 31.Qb2 f6 32.Bf1 Nb5 33.a4 Nxd4 34.Qxd4 Qe5 35.Qxe5 fxe5 36.e4 dxe4
37.fxe4 Rcb8 38.Rb1 a5 39.b5 cxb5 40.Bxb5 Bxb5 41.Rbxb5 Rxb5 42.Rxb5 Rc8
43.Rxe5 Rc4 44.Rxa5 Rxe4 45.Kf2 Kf7 46.Ra6 Rb4 47.Ke3 h5 48.h4 Rg4 49.Kf3 Ke7
50.Ra8 Kf6 51.Rf8+ Ke5 52.Rf4 Rg6 53.Rb4 Ra6 54.Rb5+ Kd4 55.Rxh5 Rxa4 56.Rg5 Ra7
57.Kg4 Ke3 58.Kh5 Kf2 59.Kg6 Kg2 60.h5 Kh3 61.Kh7  1-0

[Event "JUG-chT"]
[Site "Zlatibor"]
[Date "1989.??.??"]
[Round "?"]
[White "Todorcevic, Miodrag"]
[Black "Cebalo, Miso"]
[Result "1/2-1/2"]
[WhiteElo "2530"]
[BlackElo "2485"]

1.g3 d5 2.Nf3 c6 3.Bg2 Nf6 4.d3 Bg4 5.Nbd2 Nbd7 6.O-O e6 7.e4 Bc5 8.Qe2 Ne5
9.h3 Nxf3+ 10.Nxf3 Bxf3 11.Qxf3 dxe4 12.dxe4 e5 13.Rd1 Qe7 14.Bg5 h6 15.Bxf6  1/2-1/2

[Event "JUG-chT"]
[Site "Zlatibor"]
[Date "1989.??.??"]
[Round "?"]
[White "Todorcevic, Miodrag"]
[Black "Cekro, Ekrem"]
[Result "1/2-1/2"]
[WhiteElo "2530"]
[BlackElo "2445"]

1.Nf3 d5 2.g3 g6 3.Bg2 Bg7 4.c4 dxc4 5.Na3 Nf6 6.Nxc4 O-O 7.O-O Nc6 8.d3 Nd5
9.a3 Nb6 10.Ne3 h6 11.Qc2 e5 12.Bd2 Be6 13.Rac1 Re8 14.Rfe1 Qd7 15.b4 Rac8
16.Bc3 Nd4 17.Bxd4 exd4 18.Nf1 Na4 19.N3d2 c5 20.Bxb7 Rb8 21.bxc5 Nxc5 22.Qxc5 Rxb7
23.Nf3 Rb5 24.Qc2 Rb3 25.Qc5 Rb5 26.Qc2 Rb3  1/2-1/2

[Event "JUG-chT"]
[Site "Zlatibor"]
[Date "1989.??.??"]
[Round "?"]
[White "Vukic, Milan"]
[Black "Lalic, Bogdan"]
[Result "1/2-1/2"]
[WhiteElo "2500"]
[BlackElo "2500"]

1.Nf3 d5 2.g3 Bg4 3.Bg2 Nd7 4.c4 c6 5.b3 dxc4 6.bxc4 e5 7.Nc3 Ngf6 8.O-O Bd6
9.Rb1 Qc7 10.d3 O-O 11.Be3 Bc5 12.Qc1 Rfe8 13.Bxc5 Nxc5 14.Qa3 b6 15.Nd2 Rad8
16.Rb2 Bf5  1/2-1/2

[Event "Klee mem"]
[Site "Zuerich"]
[Date "1989.??.??"]
[Round "1"]
[White "Ruf, Matthias"]
[Black "Shvidler, Eliahu"]
[Result "1/2-1/2"]
[WhiteElo "2330"]
[BlackElo "2400"]

1.Nf3 d5 2.g3 Nf6 3.Bg2 c6 4.O-O g6 5.d3 Bg7 6.Nbd2 O-O 7.e4 dxe4 8.dxe4 Na6
9.Qe2 Nc5 10.e5 Nd5 11.Nb3 Qb6 12.Rd1 Nxb3 13.axb3 Bg4 14.h3 Bxf3 15.Bxf3 Rfd8
16.Bg2 a6 17.Bd2 Qc5 18.Ba5 b6 19.Be1 Nc7 20.c3 a5 21.Qc4 Ne6 22.Bxc6 Rxd1
23.Rxd1 Rc8 24.Bd5 Qxc4 25.Bxc4 Bxe5 26.Bxe6 fxe6 27.Rd7 Rc7 28.Rxc7 Bxc7
29.Bd2 Kf7 30.Be3 e5 31.Kf1 Ke6 32.Ke2 e4 33.Bd4 Kd5 34.Bg7 b5 35.Bd4 a4
36.bxa4 bxa4 37.Ke3 Bd6 38.g4 Bc7 39.Kd2 Kc4 40.Kc2 Bf4 41.Bb6  1/2-1/2

[Event "Zug"]
[Site "Zug"]
[Date "1989.??.??"]
[Round "?"]
[White "Landenbergue, Claude"]
[Black "Thesing, Matthias"]
[Result "1/2-1/2"]
[WhiteElo "2345"]
[BlackElo "2370"]

1.Nf3 d5 2.g3 Nf6 3.Bg2 g6 4.O-O Bg7 5.d3 O-O 6.Nbd2 Nc6 7.e4 e5 8.c3 h6
9.Re1 Re8 10.exd5 Nxd5 11.a4 Bf5 12.Ne4 b6 13.Qc2 Be6 14.Ned2 f5 15.Nc4 Bf7
16.Bd2 Qd7 17.Rad1 a5 18.Bc1 Re7 19.Qb3 Rae8 20.Qb5 Nb8 21.h4 c6 22.Qb3 b5
23.axb5 cxb5 24.Nxa5 Ne3 25.c4 Nxd1 26.Rxd1 bxc4 27.dxc4 Qc8 28.Be3 Rd7 29.Rc1 e4
30.Ne1 Nc6 31.Nxc6 Qxc6 32.Qb5 Qxb5 33.cxb5 Rb7 34.b6 Reb8 35.Rc6 Be8 36.Rc7 Rxb6
37.Bxb6 Rxb6 38.Nc2 Rxb2 39.h5 g5 40.Ne3 Rb1+ 41.Kh2 Rb5  1/2-1/2

[Event "Aarhus (Women)"]
[Site "Aarhus"]
[Date "1990.??.??"]
[Round "9"]
[White "Berg, Tine"]
[Black "Jensen, Christine"]
[Result "0-1"]
[WhiteElo "2045"]
[BlackElo "2040"]

1.g3 d5 2.Nf3 Nf6 3.Bg2 c5 4.d3 e6 5.O-O Be7 6.Nbd2 Nc6 7.e4 d4 8.Nc4 O-O
9.h3 Nd7 10.Bf4 Nb6 11.Nxb6 Qxb6 12.b3 h6 13.Nh2 e5 14.Bd2 Qd8 15.f4 Kh8
16.Qh5 f6 17.f5 Qe8 18.Qe2 g5 19.Bf3 Rg8 20.Bh5 Qf8 21.Bg6 Qg7 22.Qh5 Bf8
23.Bf7 Bd7 24.Ng4 Nb4 25.Rfc1 Na6 26.Kh2 Nc7 27.Rg1 Be8 28.Bxe8 Nxe8 29.h4 Qh7
30.hxg5 hxg5 31.Qxh7+ Kxh7 32.Kg2 Kg7 33.Rh1 Rh8 34.Rxh8 Kxh8 35.Bxg5 fxg5
36.Nxe5 Kg7 37.Rh1 Nf6 38.Nf3 g4 39.Ne5 Bd6 40.Nc4 Bc7 41.e5 Nd5 42.Rh5 b5
43.Nd6 Bxd6 44.exd6 Nf6 45.Rh1 Re8 46.Kf2 Re5 47.Re1 Rxe1 48.Kxe1 b4 49.Kd2 Nd7  0-1

[Event "JUG-chT FL"]
[Site "Arandjelovac"]
[Date "1990.??.??"]
[Round "8"]
[White "Brkljaca, Ante"]
[Black "Jovicic, Milos"]
[Result "1/2-1/2"]
[WhiteElo "2435"]
[BlackElo "2325"]

1.Nf3 d5 2.g3 Bg4 3.Bg2 c6 4.O-O Nd7 5.d3 e6 6.h3 Bh5 7.Nc3 Bd6 8.Qe1 Ne7
9.e4 O-O 10.Nh2 Re8 11.g4 Bg6 12.f4 Nf8 13.e5 Bb4 14.Qg3 Qa5 15.Nb1 Qc5+
16.Qf2 Qxf2+ 17.Kxf2 Ba5 18.Nf3 f6 19.b3 Nd7 20.Bb2 Bc7 21.Nbd2 fxe5 22.Nxe5 Nxe5
23.Bxe5 Bxe5 24.fxe5 Rf8+  1/2-1/2

[Event "AUT-chT"]
[Site "Austria"]
[Date "1990.??.??"]
[Round "?"]
[White "Eisterer, Heinrich"]
[Black "Hoelzl, Franz"]
[Result "0-1"]
[WhiteElo "2380"]
[BlackElo "2390"]

1.Nf3 d5 2.g3 g6 3.Bg2 Bg7 4.O-O e5 5.c4 Ne7 6.cxd5 Nxd5 7.Nc3 Ne7 8.d3 O-O
9.Bd2 h6 10.Rc1 Nbc6 11.a3 g5 12.b4 Nf5 13.Ne4 g4 14.Ne1 Nd6 15.Nc5 Nd4 16.Nc2 Nxc2
17.Qxc2 c6 18.a4 a6 19.e4 h5 20.Bc3 h4 21.Rcd1 hxg3 22.fxg3 Qe7 23.Qe2 b6
24.Nb3 Be6 25.Nd2 b5 26.a5 Nb7 27.Rb1 Rfd8 28.Rfd1 c5 29.Nf1 Qg5 30.Ne3 Rd7
31.Bd2 Qd8 32.Nf5 cxb4 33.Qxg4 Qf6 34.Bxb4 Rad8 35.Qh5 Bxf5 36.exf5 Bf8 37.Bxf8 Kxf8
38.Bxb7 Rxb7 39.Qg4 Rd4 40.Qf3 Rbd7 41.Rbc1 Kg7 42.Rc6 R7d6 43.Rxd6 Qxd6
44.Rf1 Qf6 45.Rc1 Ra4 46.h4 Qh6 47.Rc6 Qd2 48.Qf2 Qxd3 49.Kh2 b4 50.Rc5 b3
51.f6+ Kg6 52.h5+ Kh6 53.Qe1 Ra2+ 54.Kh3 Qf5+  0-1

[Event "AUT-chT"]
[Site "Austria"]
[Date "1990.??.??"]
[Round "?"]
[White "Topakian, Raffi"]
[Black "Kwatschewsky, Leo"]
[Result "1/2-1/2"]
[WhiteElo "2230"]
[BlackElo "2325"]

1.Nf3 d5 2.g3 Nf6 3.Bg2 g6 4.O-O Bg7 5.d3 O-O 6.Nbd2 c5 7.e4 Nc6 8.c3 b6
9.Re1 dxe4 10.dxe4 e5 11.Qa4 Qc7 12.Nc4 Bd7 13.Qc2 Rad8 14.Ne3 Rfe8 15.b3 Qc8
16.Bb2 Ng4 17.Nd5 Nf6 18.Ne3 Ng4 19.Nd5 Nf6 20.Rad1 Bg4 21.Ne3 h6 22.Nxg4 Qxg4
23.h3 Qe6 24.Nd2 h5 25.Nf3 Bh6 26.Bf1 Qc8 27.Bc1 Bxc1 28.Qxc1 Rxd1 29.Qxd1 Kg7
30.Ng5 Rd8 31.Qf3 Rd2 32.Bc4 Nd8 33.Rd1 Qd7 34.Rxd2 Qxd2 35.h4 Qd7 36.Qe2 Qd6
37.Kg2 Ne8 38.Bd5 f6 39.Nf3 Nc7 40.Bc4 Nde6 41.a4 Qd7 42.Nd2 Nd8 43.Nf1 Nc6
44.Ne3 Ne7 45.Bb5 Qe6 46.Bc4 Qd7 47.Qf3 Ne6 48.Nd5 Nxd5 49.Bxd5 Nc7 50.Qd3 Ne6
51.Qf3 Nc7 52.Qd3 Ne6 53.Kh2 Nc7  1/2-1/2

[Event "AUT-chT playoff"]
[Site "Austria"]
[Date "1990.??.??"]
[Round "?"]
[White "Vukic, Milan"]
[Black "Herndl, Harald"]
[Result "0-1"]
[WhiteElo "2495"]
[BlackElo "2300"]

1.Nf3 d5 2.g3 Nf6 3.Bg2 Bg4 4.c4 c6 5.b3 e6 6.Bb2 Nbd7 7.O-O Bd6 8.d4 O-O
9.Nbd2 Qe7 10.a3 e5 11.cxd5 cxd5 12.dxe5 Nxe5 13.h3 Bh5 14.Nd4 Nd3 15.Qb1 Nxb2
16.Qxb2 Bg6 17.e3 Rac8 18.b4 Ne4 19.Nxe4 Bxe4 20.Rfd1 Bxg2 21.Kxg2 Qe4+ 22.Nf3 Be7
23.Qd2 Rc2 24.Qxd5 Qxe3 25.Rf1 Bf6 26.Ra2 Rxa2 27.Qxa2 Qd3 28.Re1 g6 29.Re3 Qd7
30.a4 Re8 31.Rxe8+ Qxe8 32.b5 Qe4 33.Qb3 h5 34.h4 Be7 35.Kf1 a6 36.bxa6 bxa6
37.Nd2 Qd4 38.Qc2 Kg7 39.Nf3 Qd5 40.Ne1 Qd4 41.Qe2 Qd6 42.Qc4 Bf6 43.Nd3 Be7
44.Ke2 Kf8 45.Nf4 Bd8 46.Nd5 Qe5+ 47.Kf1 Kg7 48.Nf4 Qd6 49.Kg2 Be7 50.Nd5 Qe6
51.Qd3 Qc6 52.Kf3 Bf6 53.Qe4 Bb2 54.Nf4 Qc3+ 55.Kg2 Qb3 56.Qc6 a5 57.Qd7 Bc3
58.Nd3 Qc4 59.Nf4 Qe4+ 60.Kh2 Bd4 61.Nh3 Bf6 62.Qb5 Qe1 63.Qc4 Qb4 64.Qc6 Bd4
65.Kg2 Qd2 66.Qd5 Kf8 67.Qf3 Kg7 68.Ng5 Qa2 69.Qf4 Qd5+ 70.Kg1 Be5 71.Qc1 Bf6
72.Nh3 Qd7 73.Nf4 Qxa4 74.Qc7 Qa2 75.Qd7 a4 76.Kg2 a3 77.Qa4 Qb2 78.Nd3 Qc3
79.Nb4 Bd4 80.Nc2 Bc5 81.Nxa3 Bxa3 82.Qd1 Bc5 83.f3 Qb2+ 84.Kh3 Qf2 85.f4 Qg1
86.Qf3 Bf2 87.Qb3 Kh7 88.Qf3  0-1

[Event "Bad Ragaz op"]
[Site "Bad Ragaz"]
[Date "1990.??.??"]
[Round "8"]
[White "Habibi, Ali"]
[Black "Ruf, Matthias"]
[Result "1/2-1/2"]
[WhiteElo "2255"]
[BlackElo "2295"]

1.Nf3 d5 2.g3 c6 3.Bg2 Bg4 4.d3 Nd7 5.Nbd2 Ngf6 6.O-O e5 7.e4 Bc5 8.Qe1 O-O
9.Nb3 dxe4 10.dxe4 Bb6 11.Be3 Qe7 12.Nh4 Rfe8 13.Qc3 Rad8 14.h3 Be6 15.Rfe1 Qd6
16.g4 Nf8 17.Nc5 Qc7 18.Nf5 N6d7 19.Nd3 Ng6 20.a4 a5 21.Kh1 f6 22.Rad1 Kh8
23.Bf3 Ndf8 24.Nc5 Nf4 25.Rxd8 Rxd8 26.h4 Nd7 27.Nxe6 Nxe6 28.Rd1 Bxe3 29.fxe3 Ndc5
30.Rxd8+ Qxd8 31.b3 b5 32.axb5 cxb5 33.b4 axb4 34.Qxb4 g6 35.Qxb5 gxf5 36.gxf5 Qd6
37.fxe6 Nxe6 38.Qd5 Qb6 39.Kg2 Kg7 40.Bg4 Nc5 41.Bh5 Qc7 42.Be8 Kf8 43.Bc6 Qe7
44.Kf3 Kg7 45.Qd2 Kh6 46.Qg2 Qd8 47.Bd5 f5 48.Qg3 fxe4+ 49.Kg2 Qf6 50.Kh2 Qf5
51.c4 Qf6 52.Kg2 Qf5 53.Kh2 Qf6 54.Bg8 Qf5 55.Kg2 Nb3 56.Qg5+ Qxg5+ 57.hxg5+ Kxg5
58.Bxh7 Nc5 59.Kg3 Kh5 60.Bf5 Kg5 61.Bh3 Nd3  1/2-1/2

[Event "Bad Ragaz op"]
[Site "Bad Ragaz"]
[Date "1990.??.??"]
[Round "9"]
[White "Jurek, Josef"]
[Black "Domont, Alexandre"]
[Result "1/2-1/2"]
[WhiteElo "2320"]
[BlackElo "2315"]

1.Nf3 d5 2.g3 c6 3.Bg2 Bg4 4.b3 Nd7 5.Bb2 e6 6.d3 Ngf6 7.Nbd2 Bd6 8.c4 O-O
9.O-O Qe7 10.a3 a5  1/2-1/2

[Event "Baden-Baden op"]
[Site "Baden-Baden"]
[Date "1990.??.??"]
[Round "9"]
[White "Espig, Lutz"]
[Black "Klebel, Martin"]
[Result "0-1"]
[WhiteElo "2505"]
[BlackElo "2370"]

1.Nf3 d5 2.g3 c6 3.Bg2 Bg4 4.b3 Nd7 5.Bb2 Ngf6 6.O-O e6 7.d3 Bd6 8.Nbd2 O-O
9.Qe1 Qe7 10.a3 e5 11.e4 Rfe8 12.h3 Bxf3 13.Nxf3 dxe4 14.dxe4 Nc5 15.Nh4 Qe6
16.Qe2 b5 17.Rad1 a5 18.Rd2 Bf8 19.Rfd1 a4 20.b4 Ncd7 21.Nf5 Nb6 22.Ne3 Reb8
23.c4 Nxc4 24.Nxc4 bxc4 25.Rc1 c5 26.bxc5 Bxc5 27.Rxc4 Qe7 28.Rd3 Rb5 29.Qc2 Rab8
30.Bc1 Bd4 31.Qxa4 Nd7 32.Qc2 Nc5 33.Rd1 h5 34.Qe2 h4 35.gxh4 Qxh4 36.a4 Ra5
37.Qc2 Ne6 38.Be3 Rb2 39.Qc1 Re2 40.Rc8+ Kh7 41.Qc4 Rb2 42.Kh1 Bxe3 43.fxe3 Ng5
44.Qf1 Rf2 45.Qg1 Nf3 46.Rdd8 Qxd8 47.Qxf2 Qxc8 48.Qxf3 Kg8 49.Qd1 Qe8 50.Kh2 Rxa4
51.Qc2 Ra6 52.Bf3 Qe6 53.Kg3 Qf6 54.Qd3 Ra1 55.Qc3 Rf1 56.Bg2 Qg5+  0-1

[Event "Badenweiler op"]
[Site "Badenweiler"]
[Date "1990.??.??"]
[Round "8"]
[White "Zaichik, Gennadi"]
[Black "Hedke, Fred"]
[Result "1-0"]
[WhiteElo "2455"]
[BlackElo "2285"]

1.Nf3 d5 2.g3 Nf6 3.Bg2 e6 4.O-O Be7 5.b3 O-O 6.c4 b6 7.Bb2 Bb7 8.e3 Nbd7
9.Qe2 Re8 10.Rd1 Bd6 11.Nc3 a6 12.d3 Ne5 13.Ne1 Ng6 14.f4 Rb8 15.Nf3 e5 16.fxe5 Bxe5
17.Nxe5 Nxe5 18.cxd5 Nxd5 19.Nxd5 Bxd5 20.e4 Bb7 21.d4 Ng6 22.d5 Qg5 23.Qd2 Qg4
24.Rac1 Rbc8 25.Rc4 b5 26.Rc5 Ne5 27.Bxe5 Rxe5 28.Rdc1 Re7 29.Qf4 Qe2 30.R5c2 Qh5
31.d6 Rd7 32.Bf3 Qg6 33.Bg4 Rxd6 34.Bf5  1-0

[Event "Badenweiler op"]
[Site "Badenweiler"]
[Date "1990.??.??"]
[Round "8"]
[White "Weindl, Alfred"]
[Black "Strutinskaya, Galina N"]
[Result "0-1"]
[WhiteElo "2380"]
[BlackElo "2220"]

1.g3 d5 2.Nf3 e6 3.Bg2 Nf6 4.O-O Bd6 5.d3 b6 6.Nbd2 Bb7 7.e4 dxe4 8.Ng5 Be7
9.Ndxe4 Nxe4 10.Nxe4 Nc6 11.c3 O-O 12.f4 Qd7 13.d4 Rad8 14.Qh5 g6 15.Qe2 Qc8
16.b4 Nb8 17.Be3 Nd7 18.Rfe1 Qa8 19.Bf2 Nf6 20.a4 Nxe4 21.Bxe4 Bf6 22.Ra2 a6
23.Bxb7 Qxb7 24.Qe4 Qd5 25.Qxd5 Rxd5 26.c4 Rd7 27.Rd1 Rfd8 28.Rad2 Be7 29.b5 axb5
30.axb5 Ra8 31.d5 Ra4 32.Rc2 Kf8 33.Rdc1 exd5 34.cxd5 Bd8 35.Rd1 Rb4 36.d6 Rxb5
37.Kg2 Rxd6 38.Rxd6 cxd6  0-1